00855nam a2200217Ia 4500008004100000020001800041082001900059100001800078245007900096250000800175260002500183300001800208650004200226650004100268650001500309700002200324942001300346999001700359952013100376952013000507220501s2018 xx 000 0 eng d a9789352865581 a658.4013 KUB-C aKubiak, T. M. 0aCertified six sigma black belt handbookcT. M. Kubiak and Donald W. Benbow a3rd aNoidabPearsonc2018 axxxvii, 908p. aQuality control - Statistical methods aSix sigma - Quality control standard aStatistics aBenbow, Donald W. 2ddccREF c18214d18214 00102ddc4070aSOBDbSOBDd2022-05-26eVedi Bookso658.4013 KUB-C1p001520r2022-07-01t1w2022-04-14yREFkVEDI/22-23/04/11 00102ddc4070aSOBDbSOBDd2022-05-26eVedi Bookso658.4013 KUB-C2p001521r2022-07-01t2w2022-04-14yBKkVEDI/22-23/04/11